| 000 | 01172nam1a2200265 i 4500 | ||
|---|---|---|---|
| 001 | RU\NLR\BIBL_A\011375355 | ||
| 005 | 20260406070821.0 | ||
| 035 | _a(NLR Aleph) 011375355 | ||
| 090 |
_a11374382 _c11374382 |
||
| 100 | _a20170411d2017 km y0rusy50 ca | ||
| 101 | 0 | _arus | |
| 102 | _aRU | ||
| 105 | _a||||z|||||||| | ||
| 200 | 1 |
_aИстория запорожских казаков _e[трехтомник] _fДмитрий Яворницкий |
|
| 210 |
_aМосква _cЦентрполиграф _d2017 |
||
| 215 | _d22 | ||
| 300 | _aНа обороте тит. л. авт.: акад. Д.И. Яворницкий, на 4-й с. обл.: украиновед, чл.-кор. Моск. археол. о-ва, д. чл. Имп. рус. археол. о-ва, акад. АН УССР | ||
| 601 | 0 | 2 |
_aЗапорожское войско _xИстория _92559573 _3RU\NLR\AUTH\661514149 |
| 686 | 1 | _aТ3(2Ук)4-294.1 | |
| 686 | 1 | _aЦ59,8(2Ук)2-13 | |
| 700 | 1 |
_8rus _7ca _aЭварницкий _bД. И. _f1855-1940 _gДмитрий Иванович _3RU\NLR\AUTH\7716005 _9125650 |
|
| 852 |
_aNLR _j2017-5/2456 |
||
| 942 | _cBOOK | ||